000 00599nam a2200205Ia 4500
005 20250508170102.0
008 008 250505s9999 xx 000 0 eng d
020 _a978-1-138-32767-2
037 _aReference
040 _aFEDL
_beng
_cFEDL
041 _aeng
_2eng
084 _a809.935 92, GOO/RR
_qFEDL
100 _aGoodson Ivor
245 0 _aRoutledge international handbook on narrative and life history
260 _aLondon, UK
_bRoutledge
_c2017
300 _aix, 655p.
365 _aGBP
_b38.99
942 _cREF
_h809.935 92, GOO/RR
999 _c1399133
_d1399133